[Event "Queenstown Classic"]
[Site "Queenstown NZL"]
[Date "2012.01.15"]
[Round "1.1"]
[White "Zelesco, Karl"]
[Black "Li, Chao b"]
[Result "0-1"]
[BlackTitle "GM"]
[WhiteElo "1990"]
[BlackElo "2693"]
[WhiteFideId "3213390"]
[BlackFideId "8604436"]
[EventDate "2012.01.15"]
[EventType "swiss"]

1. Nf3 Nf6 2. c4 g6 3. Nc3 Bg7 4. e4 c5 5. d4 Qa5 6. Bd2 cxd4 7. Nxd4 O-O 8. Be2
Nc6 9. Nb3 Qd8 10. O-O d6 11. Be3 b6 12. f4 Bb7 13. Bf3 Nd7 14. Qd2 Rc8 15. Rac1
Nc5 16. Nxc5 bxc5 17. Ne2 a5 18. Rfd1 Qb6 19. b3 a4 20. Rb1 axb3 21. axb3 Rfd8
22. Nc3 Nd4 23. b4 Qa6 24. b5 Qa3 25. Nd5 Bxd5 26. exd5 Nxf3+ 27. gxf3 Ra8 28.
Qd3 Qxd3 29. Rxd3 Ra4 30. Rc1 Rb4 31. Bd2 Rb2 32. Bc3 Bxc3 33. Rcxc3 Ra8 34. Ra3
Rxa3 35. Rxa3 Kg7 36. Re3 Kf6 37. h3 e6 38. Rd3 Rb4 39. dxe6 0-1

[Event "Queenstown Classic"]
[Site "Queenstown NZL"]
[Date "2012.01.18"]
[Round "4.30"]
[White "Stuart, Peter"]
[Black "Schon, Eugene"]
[Result "1/2-1/2"]
[WhiteElo "1991"]
[BlackElo "2188"]
[WhiteFideId "4300351"]
[BlackFideId "3205690"]
[EventDate "2012.01.15"]
[EventType "swiss"]

1. c4 c6 2. Nf3 d5 3. b3 dxc4 4. bxc4 e5 5. Nc3 Nd7 6. Qc2 Ngf6 7. d3 Bd6 8. g3
O-O 9. Bg2 Nc5 10. O-O Bf5 11. Bg5 h6 12. Bxf6 Qxf6 13. Nd2 Qe7 14. Nce4 Nxe4
15. Nxe4 Bxe4 16. Bxe4 f5 17. Bg2 Bc5 18. e3 Rad8 19. Rad1 Rd7 20. Rfe1 Qf6 21.
f4 exf4 22. gxf4 g5 23. d4 Bd6 24. Rf1 gxf4 25. exf4 Qh4 26. Qf2 Qxf2+ 27. Rxf2
Bc5 28. Rfd2 Rfd8 29. Kf1 Rxd4 30. Rxd4 Rxd4 31. Rxd4 Bxd4 32. Bh3 Be3 33. Bxf5
Bxf4 34. h3 Kf7 35. Bc8 b5 36. cxb5 cxb5 37. Bd7 a6 38. Ke2 Ke7 39. Bc8 a5 40.
Ba6 b4 41. Kd3 Kd6 42. Kc4 Kc6 43. Bb5+ Kb6 44. Ba4 h5 45. Be8 h4 46. Ba4 Bd2
47. Be8 Kc7 48. Ba4 Kd6 49. Bd1 Ke5 50. Kb3 Kd4 51. Ka4 Kc5 52. Bb3 Kb6 53. Bc4
Be1 54. Bb3 Bg3 1/2-1/2